000 00689nam a2200253Ia 4500
003 OSt
005 20221006143913.0
006 a|||||r|||| 00| 0
007 ta
008 221006b |||||||| |||| 00| 0 eng d
020 _cP5.00
024 _a10,361
037 _cTextual
040 _aEASL
_cEASL
_beng
041 _2eng
_aeng
082 _aW.41.N69, L6
100 _aLIU Alan P.L
245 0 _aPolitical culture and group conflict in communist China
260 _aCalifornia
_bClio Books
_c1976
300 _a206p.
_ccm.
490 _v CEL
_astudies in comparative politics
942 _hW.41.N69, L6
_cTEXL
_2CC
999 _c1078447
_d1078447